000 00385pab a2200157 454500
008 180718b2007 xxu||||| |||| 00| 0 eng d
100 _aLochner, Lance
245 _aIndividual perceptions of the criminal justice system
260 _c2007
300 _ap.444-60.
362 _aMar
650 _aCriminal law
773 _aAmerican Economic Review
908 _aN
909 _a74072
999 _c74072
_d74072